000
00288nam a2200109Ia 4500
008
220204s9999 xx 000 0 und d
082
_a
929 A/z (FIS)
_b
BOX
100
_a
Box, Joan Fisher
245
0
_a
R A Fisher: The life of a scientist
260
_a
London
_b
John Wiley
_c
1978
942
_c
BK
999
_c
29860
_d
29860